| 000 | 01814cam a2200397 a 4500 | ||
|---|---|---|---|
| 001 | EDZ0000072123 | ||
| 003 | StDuBDS | ||
| 005 | 20161031105144.0 | ||
| 006 | m||||||||d|||||||| | ||
| 007 | cr ||||||||||| | ||
| 008 | 120412s2006 enk fo| 000|0beng|d | ||
| 020 |
_a9781446213216 (ebook) : _cNo price |
||
| 040 |
_aStDuBDS _beng _cStDuBDS _epn |
||
| 049 | _aAlfaisal Main Library | ||
| 050 | 4 | _aRJ506.A9 | |
| 082 | 0 | 4 |
_a618.928588320092 _223 |
| 100 | 1 | _aBarber-Wada, Karra. | |
| 245 | 1 | 0 |
_aLiving your best life with Asperger's syndrome _h[electronic resource] : _bhow a young boy and his mother deal with the challenges and joys of being eleven, brilliant and socially absent / _cKarra Barber. |
| 260 |
_aLondon : _bPaul Chapman, _c2006. |
||
| 300 | _a1 online resource (vi, 119 p.) | ||
| 500 | _a"A Lucky Duck book". | ||
| 504 | _aIncludes bibliographical references. | ||
| 520 | 8 | _aEffectively accommodating the social and academic needs of children on the autistic spectrum is an important task in every school. This guide describes how a young boy navigates his way through the social challenges that he faces every day, and provides a source of information about autistic spectrum disorders. | |
| 521 | _aSpecialized. | ||
| 588 | _aDescription based on print version record. | ||
| 600 | 1 | 0 | _aBarber, Thomas. |
| 600 | 1 | 0 |
_aBarber-Wada, Karra _xFamily. |
| 650 | 0 | _aAsperger's syndrome in children. | |
| 650 | 0 |
_aAsperger's syndrome _xPatients _vBiography. |
|
| 650 | 0 |
_aAsperger's syndrome _xPatients _xFamily relationships. |
|
| 655 | 7 |
_aElectronic books. _2local |
|
| 710 | 2 | _aSage eBooks | |
| 776 | 0 | 8 |
_iPrint version : _z9781412919609 |
| 856 | 4 | 0 | _uhttp://ezproxy.alfaisal.edu/login?url=http://sk.sagepub.com/books/living-your-best-life-with-aspergers-syndrome |
| 942 |
_2lcc _cEBOOKS |
||
| 999 |
_c480524 _d480524 |
||